[Event "Guelph Fall ProAm"]
[Site "Guelph CAN"]
[Date "2010.11.07"]
[Round "5"]
[White "Song, Michael"]
[Black "Orlova, Yelizaveta"]
[Result "1/2-1/2"]
[WhiteElo "2133"]
[BlackElo "2023"]
[PlyCount "96"]
[EventDate "2010.11.06"]
[EventType "swiss"]
[EventRounds "5"]
[EventCountry "CAN"]

1. d4 c5 2. d5 e5 3. e4 d6 4. c4 Be7 5. Be2 Bg5 6. Nf3 Bxc1 7. Qxc1 Nh6 8. Nc3
Nd7 9. g4 Nf8 10. h3 Ng6 11. Qd2 f6 12. Bd1 Bd7 13. Ba4 Bxa4 14. Nxa4 Qd7 15.
Nc3 Nf7 16. Ne2 h6 17. O-O-O Ng5 18. Qe3 Qa4 19. Nxg5 Qxc4+ 20. Kb1 hxg5 21.
Ng3 O-O-O 22. Nf5 Rd7 23. Rc1 Qa6 24. Rc3 Kb8 25. Ra3 Qb6 26. Ka1 Nf4 27. Qf3
g6 28. Ne3 Rdh7 29. Nc4 Qc7 30. Qd1 Qd7 31. f3 Rxh3 32. Rf1 Rh2 33. Rb3 R8h7
34. Na5 Qc8 35. Ra3 Ne2 36. Nc4 Qd8 37. Qa4 a6 38. Na5 Rh1 39. Rb1 Rxb1+ 40.
Kxb1 Rh1+ 41. Kc2 Nd4+ 42. Kd3 b5 43. Qxd4 exd4 44. Nc6+ Kc7 45. Nxd8 Kxd8 46.
Rxa6 Ke7 47. Ra7+ Ke8 48. Ra8+ Ke7 1/2-1/2

[Event "Guelph Winter ProAm"]
[Site "Guelph CAN"]
[Date "2010.02.06"]
[Round "1"]
[White "Dragan, Cristian"]
[Black "Lee, Bryan Tsz Hou"]
[Result "1/2-1/2"]
[WhiteElo "1724"]
[BlackElo "1925"]
[PlyCount "36"]
[EventDate "2010.02.06"]
[EventType "swiss"]
[EventRounds "5"]
[EventCountry "CAN"]

1. e4 c5 2. Nc3 d6 3. f4 Nc6 4. Nf3 Nf6 5. d3 g6 6. g3 Bg7 7. Bd2 O-O 8. Bg2
Bd7 9. h3 Qc8 10. Qc1 Re8 11. g4 Bxg4 12. hxg4 Qxg4 13. Kf2 Nh5 14. Rh3 Nd4 15.
Nh2 Qd7 16. Nf3 Qg4 17. Nh2 Qd7 18. Nf3 Qg4 1/2-1/2

[Event "Guelph Winter ProAm"]
[Site "Guelph CAN"]
[Date "2010.02.06"]
[Round "1"]
[White "Gashi, Agron"]
[Black "Dougherty, Thomas"]
[Result "0-1"]
[WhiteElo "1967"]
[BlackElo "2295"]
[PlyCount "64"]
[EventDate "2010.02.06"]
[EventType "swiss"]
[EventRounds "5"]
[EventCountry "CAN"]

1. d4 Nf6 2. c4 e6 3. Nf3 c5 4. Nc3 cxd4 5. Nxd4 a6 6. e4 Qc7 7. Be3 Bb4 8. f3
O-O 9. Rc1 d5 10. cxd5 exd5 11. Be2 dxe4 12. O-O Qe5 13. fxe4 Bxc3 14. bxc3
Qxe4 15. Bg5 Ng4 16. Bd3 Qd5 17. Qd2 Nc6 18. Nf5 Be6 19. Rcd1 f6 20. Bh4 Qc5+
21. Kh1 Nge5 22. Bb1 Rad8 23. Nd4 Bg4 24. Qc2 Ng6 25. Rde1 Nxd4 26. Qe4 Bf5 27.
cxd4 Bxe4 28. dxc5 Bxb1 29. Rxb1 Nxh4 30. Rxb7 Rd2 31. Rc1 Rc8 32. c6 Rxc6 0-1

[Event "Guelph Winter ProAm"]
[Site "Guelph CAN"]
[Date "2010.02.06"]
[Round "1"]
[White "Liu, Tommy"]
[Black "Humphreys, Stephen"]
[Result "1-0"]
[WhiteElo "1912"]
[BlackElo "2144"]
[PlyCount "65"]
[EventDate "2010.02.06"]
[EventType "swiss"]
[EventRounds "5"]
[EventCountry "CAN"]

1. Nf3 c5 2. c4 g6 3. g3 Bg7 4. Bg2 Nc6 5. Nc3 d6 6. O-O e5 7. d3 Nge7 8. e4
O-O 9. Nd5 Rb8 10. Nd2 a6 11. a3 b5 12. Rb1 Nxd5 13. cxd5 Nd4 14. Nb3 Nxb3 15.
Qxb3 Bd7 16. f4 exf4 17. Bxf4 a5 18. Kh1 Qb6 19. Qd1 b4 20. h4 Rb7 21. h5 Rfb8
22. Qf3 Be8 23. Bh3 Qd8 24. axb4 Rxb4 25. h6 Bh8 26. Be6 R8b7 27. Bd2 Rb3 28.
Ra1 Rxb2 29. Bxa5 Qg5 30. Bd2 Qxd2 31. Bxf7+ Kf8 32. Bxe8+ Ke7 33. Qf7+ 1-0

[Event "Guelph Winter ProAm"]
[Site "Guelph CAN"]
[Date "2010.02.06"]
[Round "1"]
[White "Marte, Manuel"]
[Black "Grigoriadis, Alexandros"]
[Result "1-0"]
[WhiteElo "2342"]
[BlackElo "1969"]
[PlyCount "145"]
[EventDate "2010.02.06"]
[EventType "swiss"]
[EventRounds "5"]
[EventCountry "CAN"]

1. e4 e5 2. Nf3 Nc6 3. Bb5 a6 4. Ba4 d6 5. c3 Bd7 6. d3 g6 7. Nbd2 Bg7 8. Nf1
Nf6 9. h4 h5 10. Bg5 Qc8 11. Ne3 Ng4 12. Nd5 f6 13. Bd2 Ne7 14. c4 b5 15. Bb3
Nxd5 16. cxd5 a5 17. a3 Qb7 18. Rc1 Bh6 19. Qe2 Qb6 20. Rc2 Bxd2+ 21. Qxd2 a4
22. Ba2 Ra7 23. O-O O-O 24. Nh2 Kg7 25. Kh1 Rf7 26. Qc1 Re7 27. Nxg4 Bxg4 28.
f4 Qd4 29. fxe5 Qxe5 30. Qe3 c5 31. dxc6 f5 32. Qf2 Rec7 33. Bd5 Qe7 34. Qg3
Qe5 35. Qxe5+ dxe5 36. Re1 Ra8 37. exf5 Bxf5 38. Rxe5 Bxd3 39. Rd2 Bf5 40. Bf3
Rb8 41. Rde2 Kf6 42. Re8 Rb6 43. Ra8 Bg4 44. Bxg4 hxg4 45. Re4 g3 46. Rf8+ Kg7
47. Rf3 Rcxc6 48. Rxg3 Rc5 49. Rb4 Rd6 50. Kh2 Rdd5 51. Kh3 Rc1 52. Re3 Rc2 53.
g3 Rc1 54. Re7+ Kf6 55. Rb7 Rcc5 56. Rb6+ Kg7 57. Rg4 g5 58. Rxg5+ Rxg5 59.
hxg5 Rxg5 60. Kh4 Rd5 61. g4 Kh7 62. g5 Rd4+ 63. Kh5 Rd5 64. Rb7+ Kg8 65. Kh6
Kf8 66. Rb8+ Ke7 67. g6 Rd2 68. Rxb5 Rh2+ 69. Rh5 Rxb2 70. g7 Kf7 71. Rf5+ Ke6
72. g8=Q+ Kxf5 73. Qg6+ 1-0

[Event "Guelph Winter ProAm"]
[Site "Guelph CAN"]
[Date "2010.02.06"]
[Round "1"]
[White "Norkin, J."]
[Black "Drlje, Josip"]
[Result "1-0"]
[WhiteElo "2548"]
[BlackElo "2081"]
[PlyCount "107"]
[EventDate "2010.02.06"]
[EventType "swiss"]
[EventRounds "5"]
[EventCountry "CAN"]

1. e4 e5 2. Nf3 Nc6 3. Nc3 Nf6 4. Bb5 d6 5. d4 exd4 6. Nxd4 Bd7 7. O-O Be7 8.
Re1 Nxd4 9. Qxd4 Bxb5 10. Nxb5 O-O 11. Bg5 a6 12. Nc3 h6 13. Bh4 Nh7 14. Bxe7
Qxe7 15. Nd5 Qe5 16. Rad1 c6 17. Ne3 Nf6 18. Nf5 Qxd4 19. Rxd4 d5 20. Ne7+ Kh8
21. exd5 cxd5 22. Nxd5 Rad8 23. Red1 Rfe8 24. Ne3 Rc8 25. a4 g6 26. g3 Kg7 27.
Rd6 Re4 28. R1d4 Rxd4 29. Rxd4 b5 30. a5 Rc6 31. c3 Kf8 32. Nc2 Re6 33. Kf1 Ne4
34. Nb4 Nc5 35. Rd8+ Ke7 36. Ra8 Rd6 37. Ra7+ Ke6 38. Ke2 h5 39. Ke3 Kf6 40.
Rc7 Nb3 41. Rc6 Ke6 42. Rxa6 Rxa6 43. Nxa6 Nxa5 44. Nc7+ Kd7 45. Nxb5 Nc4+ 46.
Kd4 Nxb2 47. c4 Na4 48. Nc3 Nb2 49. h4 Kc6 50. c5 f6 51. f4 f5 52. Nd5 Kd7 53.
Nb6+ Kc6 54. Nc4 1-0

[Event "Guelph Winter ProAm"]
[Site "Guelph CAN"]
[Date "2010.02.06"]
[Round "1"]
[White "Nunes, Jose BL"]
[Black "Calugar, M."]
[Result "0-1"]
[WhiteElo "1972"]
[BlackElo "2350"]
[PlyCount "64"]
[EventDate "2010.02.06"]
[EventType "swiss"]
[EventRounds "5"]
[EventCountry "CAN"]

1. Nf3 Nf6 2. g3 g6 3. Bg2 Bg7 4. O-O c5 5. d3 d5 6. Nbd2 Nc6 7. c4 O-O 8. cxd5
Nxd5 9. a3 b6 10. Rb1 Bb7 11. Nc4 Qd7 12. Ne3 Rac8 13. Nxd5 Qxd5 14. Nd2 Qd7
15. Qa4 Rfd8 16. Re1 a6 17. Qh4 Nd4 18. Bxb7 Qxb7 19. Qe4 Qc7 20. Nc4 e5 21. b4
cxb4 22. axb4 b5 23. Na3 Qc3 24. Kf1 Nb3 25. Be3 Nd2+ 26. Bxd2 Qxd2 27. Rbd1
Qb2 28. Nb1 Bf8 29. Nd2 Qxb4 30. Qb7 Qd6 31. Ra1 Qc6 32. Qxa6 Qh1# 0-1

[Event "Guelph Winter ProAm"]
[Site "Guelph CAN"]
[Date "2010.02.06"]
[Round "1"]
[White "Plotnikov, Igor"]
[Black "Wihl, T."]
[Result "1/2-1/2"]
[WhiteElo "2362"]
[BlackElo "2006"]
[PlyCount "72"]
[EventDate "2010.02.06"]
[EventType "swiss"]
[EventRounds "5"]
[EventCountry "CAN"]

1. e4 c5 2. c3 Nf6 3. e5 Nd5 4. d4 cxd4 5. Nf3 Nc6 6. Bc4 Nb6 7. Bb3 d5 8. exd6
Qxd6 9. Nxd4 Nxd4 10. cxd4 Be6 11. O-O Bxb3 12. Qxb3 e6 13. Nc3 Qb4 14. Qc2 Be7
15. Qe4 O-O 16. Qxb7 Bf6 17. Rd1 Rfd8 18. a3 Qb3 19. Qe4 Nc4 20. Rd3 Qc2 21.
Qe2 Qxe2 22. Nxe2 e5 23. b3 Na5 24. Bd2 Nc6 25. Rc1 e4 26. Re3 Nxd4 27. Nxd4
Bxd4 28. Rxe4 Bxf2+ 29. Kxf2 Rxd2+ 30. Re2 Rd3 31. Rec2 g6 32. Rc8+ Rxc8 33.
Rxc8+ Kg7 34. Rc7 Rd2+ 35. Kf1 a5 36. b4 axb4 1/2-1/2

[Event "Guelph Winter ProAm"]
[Site "Guelph CAN"]
[Date "2010.02.06"]
[Round "1"]
[White "Sambursky, Vladimir"]
[Black "Kryzius, Kestutis"]
[Result "0-1"]
[WhiteElo "2638"]
[BlackElo "2136"]
[PlyCount "138"]
[EventDate "2010.02.06"]
[EventType "swiss"]
[EventRounds "5"]
[EventCountry "CAN"]

1. e4 c5 2. Nf3 d6 3. d4 cxd4 4. Nxd4 Nf6 5. Nc3 a6 6. Bc4 e6 7. Bb3 b5 8. Qf3
Bb7 9. O-O Nbd7 10. Re1 Nc5 11. Bd5 Qc8 12. b4 Ncd7 13. Bb3 Be7 14. Qg3 O-O 15.
Nd5 Nxd5 16. exd5 Bf6 17. dxe6 Bxd4 18. exd7 Qxd7 19. c3 Bf6 20. Bf4 d5 21. Be5
Bxe5 22. Rxe5 Rfe8 23. Rae1 d4 24. cxd4 Kf8 25. h4 Rxe5 26. dxe5 Re8 27. Qf4
Re7 28. Bxf7 Rxf7 29. e6 Qxe6 30. Qb8+ Qc8 31. Qd6+ Kg8 32. f3 h6 33. h5 Rf6
34. Qe7 Kh7 35. Rd1 Bc6 36. Rd4 Qe8 37. Qc5 Qe3+ 38. Kh2 Qg5 39. Qc2+ Qf5 40.
Qxf5+ Rxf5 41. Rd6 Rf6 42. Rd8 Rf4 43. Rd6 Rc4 44. a3 Kg8 45. Rd3 Kf7 46. g4
Ke7 47. Kg3 Rc1 48. Kf4 Bd7 49. Re3+ Be6 50. Rd3 Rb1 51. Rc3 Bc4 52. Re3+ Kf6
53. Re5 Rb3 54. Rf5+ Ke6 55. Rc5 Bd5 56. g5 Rxf3+ 57. Kg4 Rxa3 58. Rc7 Ra4 59.
Rxg7 Rxb4+ 60. Kg3 hxg5 61. Rxg5 Be4 62. h6 Kf6 63. Rg4 Rb3+ 64. Kf4 Bg6 65.
Rg1 a5 66. Rc1 Rb4+ 67. Ke3 a4 68. Rc7 a3 69. Ra7 Ra4 0-1

[Event "Guelph Winter ProAm"]
[Site "Guelph CAN"]
[Date "2010.02.06"]
[Round "2"]
[White "Calugar, M."]
[Black "Liu, Tommy"]
[Result "1-0"]
[WhiteElo "2350"]
[BlackElo "1912"]
[PlyCount "41"]
[EventDate "2010.02.06"]
[EventType "swiss"]
[EventRounds "5"]
[EventCountry "CAN"]

1. Nf3 c5 2. b3 Nc6 3. Bb2 Nf6 4. e3 d5 5. Bb5 Bd7 6. O-O a6 7. Bxc6 Bxc6 8.
Ne5 e6 9. Nxc6 bxc6 10. d3 Rb8 11. c4 Be7 12. Nc3 O-O 13. Rc1 Qc7 14. Na4 Rfc8
15. Ba3 Qa7 16. Qd2 Nd7 17. d4 Re8 18. dxc5 Nxc5 19. Qd4 e5 20. Bxc5 exd4 21.
Bxa7 1-0

[Event "Guelph Winter ProAm"]
[Site "Guelph CAN"]
[Date "2010.02.06"]
[Round "2"]
[White "Dougherty, Thomas"]
[Black "Norkin, J."]
[Result "0-1"]
[WhiteElo "2295"]
[BlackElo "2548"]
[PlyCount "88"]
[EventDate "2010.02.06"]
[EventType "swiss"]
[EventRounds "5"]
[EventCountry "CAN"]

1. Nf3 c5 2. e4 Nc6 3. Bb5 d6 4. O-O Bd7 5. Re1 Nf6 6. c3 a6 7. Bf1 Bg4 8. h3
Bxf3 9. Qxf3 g6 10. Qd1 Bh6 11. d3 Bxc1 12. Qxc1 O-O 13. Nd2 Nd7 14. f4 e6 15.
Nc4 d5 16. Nd2 b5 17. Nf3 b4 18. g4 bxc3 19. bxc3 Rb8 20. Bg2 dxe4 21. dxe4 c4
22. Rd1 Qb6+ 23. Nd4 e5 24. fxe5 Ndxe5 25. Rb1 Qc5 26. Qe3 Rxb1 27. Rxb1 Rd8
28. Rd1 Qa3 29. Kh2 Qxa2 30. Nxc6 Nxc6 31. Rxd8+ Nxd8 32. Kg3 Ne6 33. g5 Qa5
34. e5 Ng7 35. Kf4 Qd8 36. h4 Nf5 37. Qf2 Qd1 38. Be4 Qc1+ 39. Kg4 Ne3+ 40. Kf3
Nd1 41. Qc5 Qxc3+ 42. Ke2 Qb3 43. Qc8+ Kg7 44. e6 Nc3+ 0-1

[Event "Guelph Winter ProAm"]
[Site "Guelph CAN"]
[Date "2010.02.06"]
[Round "2"]
[White "Drlje, Josip"]
[Black "Gashi, Agron"]
[Result "1-0"]
[WhiteElo "2081"]
[BlackElo "1967"]
[PlyCount "69"]
[EventDate "2010.02.06"]
[EventType "swiss"]
[EventRounds "5"]
[EventCountry "CAN"]

1. d4 Nf6 2. c4 e6 3. g3 d5 4. Nf3 Be7 5. Bg2 O-O 6. O-O h6 7. Qc2 Nbd7 8. Rd1
dxc4 9. Qxc4 c5 10. Qc2 Qb6 11. Nc3 cxd4 12. Na4 Qa5 13. Nxd4 Rd8 14. Bd2 Qh5
15. Be1 Rb8 16. Qc7 Qe5 17. Qc2 Qh5 18. Rac1 Nf8 19. Qc7 Bd7 20. Qc2 e5 21. Nf3
Ne6 22. Nc3 Bc6 23. e4 Nd4 24. Nxd4 exd4 25. Ne2 d3 26. Rxd3 Rxd3 27. Nf4 Qb5
28. Nxd3 Nxe4 29. Nf4 Qe5 30. Qe2 g5 31. Nd3 Qd4 32. Rxc6 bxc6 33. Bxe4 Bf8 34.
Bc3 Qd6 35. Be5 1-0

[Event "Guelph Winter ProAm"]
[Site "Guelph CAN"]
[Date "2010.02.06"]
[Round "2"]
[White "Filipovich, R."]
[Black "Gusev, Oleg"]
[Result "0-1"]
[WhiteElo "2246"]
[BlackElo "2190"]
[PlyCount "58"]
[EventDate "2010.02.06"]
[EventType "swiss"]
[EventRounds "5"]
[EventCountry "CAN"]

1. Nf3 Nf6 2. g3 b6 3. Bg2 Bb7 4. O-O e6 5. c4 c5 6. Nc3 Be7 7. Re1 O-O 8. e4
d6 9. d4 cxd4 10. Nxd4 Qc8 11. Be3 Nbd7 12. Rc1 a6 13. f4 Rd8 14. g4 Nc5 15.
Bf2 g6 16. b4 Ncd7 17. f5 Ne5 18. fxe6 fxe6 19. g5 Nfg4 20. Bh3 h5 21. gxh6
Nxf2 22. Kxf2 Bh4+ 23. Kg2 Re8 24. Nd5 Bxe1 25. Qxe1 Kh8 26. Nxb6 Qd8 27. Nxa8
Qg5+ 28. Kh1 Nd3 29. Nxe6 Bxe4+ 0-1

[Event "Guelph Winter ProAm"]
[Site "Guelph CAN"]
[Date "2010.02.06"]
[Round "2"]
[White "Grigoriadis, Alexandros"]
[Black "Egorov, Nikolay B"]
[Result "1/2-1/2"]
[WhiteElo "2112"]
[BlackElo "1969"]
[PlyCount "78"]
[EventDate "2010.02.06"]
[EventType "swiss"]
[EventRounds "5"]
[EventCountry "CAN"]

1. d4 Nf6 2. c4 e6 3. Nc3 Bb4 4. e3 O-O 5. Bd3 c5 6. Nge2 d5 7. a3 Bxc3+ 8.
Nxc3 cxd4 9. exd4 dxc4 10. Bxc4 Nc6 11. Be3 b6 12. O-O Bb7 13. b4 Rc8 14. Bb3
Ne7 15. Qd2 Ned5 16. Nxd5 Bxd5 17. Bxd5 Nxd5 18. Rfc1 Qd7 19. Qd3 Rxc1+ 20.
Rxc1 Rc8 21. Rc4 Rc7 22. Qc2 Rxc4 23. Qxc4 b5 24. Qc5 a6 25. g3 h6 26. h4 h5
27. Bd2 Kh7 28. f3 f5 29. Kf2 f4 30. Bxf4 Nxf4 31. gxf4 g6 32. Kg3 Qf7 33. Qe5
Qf5 34. Qc7+ Kh6 35. Qd8 Kh7 36. Qe7+ Kh6 37. Qg5+ Kg7 38. Qe7+ Kh6 39. Qg5+
Kg7 1/2-1/2

[Event "Guelph Winter ProAm"]
[Site "Guelph CAN"]
[Date "2010.02.06"]
[Round "2"]
[White "Humphreys, Stephen"]
[Black "Nunes, Jose BL"]
[Result "1-0"]
[WhiteElo "2144"]
[BlackElo "1972"]
[PlyCount "122"]
[EventDate "2010.02.06"]
[EventType "swiss"]
[EventRounds "5"]
[EventCountry "CAN"]

1. d4 Nf6 2. c4 g6 3. Nc3 Bg7 4. e4 d6 5. Nf3 O-O 6. Be2 Nbd7 7. O-O c5 8. d5
b5 9. cxb5 a6 10. a4 axb5 11. Bxb5 Ba6 12. Bg5 Bxb5 13. axb5 h6 14. Bh4 g5 15.
Bg3 Nh5 16. Nd2 Nxg3 17. hxg3 Ne5 18. Qe2 Qd7 19. Ra6 Rab8 20. Rfa1 Qg4 21.
Qxg4 Nxg4 22. b6 Bd4 23. Nd1 Ne5 24. Nb3 Nc4 25. Nxd4 cxd4 26. R1a4 Nxb6 27.
Rxd4 Rfc8 28. Ne3 Rc1+ 29. Kh2 Nd7 30. b4 Ne5 31. f3 Rb1 32. Nf5 Kf8 33. g4 Rb2
34. Kg3 Rc8 35. Rd1 Ng6 36. Rc6 Ra8 37. Ra1 Rb8 38. Rac1 Ke8 39. Rc8+ Rxc8 40.
Rxc8+ Kd7 41. Rc4 Nf4 42. Ne3 Re2 43. Rc3 Rb2 44. Ra3 e6 45. Ra7+ Ke8 46. b5
Rxb5 47. Nc4 Kd8 48. Rxf7 exd5 49. exd5 Rc5 50. Nxd6 Rc2 51. Rxf4 gxf4+ 52.
Kxf4 Rxg2 53. Nf7+ Kd7 54. Nxh6 Kd6 55. Nf5+ Kd7 56. Kg5 Rg1 57. Kf6 Rf1 58. g5
Rxf3 59. g6 Ke8 60. g7 Rxf5+ 61. Kxf5 Kf7 1-0

[Event "Guelph Winter ProAm"]
[Site "Guelph CAN"]
[Date "2010.02.06"]
[Round "2"]
[White "Kryzius, Kestutis"]
[Black "Plotnikov, Igor"]
[Result "0-1"]
[WhiteElo "2136"]
[BlackElo "2362"]
[PlyCount "90"]
[EventDate "2010.02.06"]
[EventType "swiss"]
[EventRounds "5"]
[EventCountry "CAN"]

1. e4 e5 2. Nf3 Nf6 3. Nxe5 Nxe4 4. Qe2 Qe7 5. Qxe4 d6 6. Bc4 Qxe5 7. Qxe5+
dxe5 8. O-O Bd6 9. Nc3 Nc6 10. Nb5 O-O 11. Nxd6 cxd6 12. c3 Re8 13. Be2 Bf5 14.
d3 d5 15. Bd2 Rad8 16. Rfe1 f6 17. f4 d4 18. fxe5 Rxe5 19. Bf3 dxc3 20. Bxc3
Rxe1+ 21. Rxe1 Bxd3 22. Bxc6 bxc6 23. Re7 a6 24. Kf2 Bc4 25. g4 Bxa2 26. g5 Rd5
27. gxf6 gxf6 28. Ke3 Rf5 29. Rd7 Bd5 30. Ra7 Rf3+ 31. Kd4 Rf2 32. Kc5 h5 33.
h4 Rf4 34. Kd6 Re4 35. Kc5 Rxh4 36. Bxf6 Rg4 37. Kd6 h4 38. Ke5 h3 39. Ra8+ Kh7
40. Kf5 Rg8 41. Ra7+ Kh6 42. Be5 Rg5+ 43. Kf6 Rxe5 44. Kxe5 h2 45. Ra8 Kg7 0-1

[Event "Guelph Winter ProAm"]
[Site "Guelph CAN"]
[Date "2010.02.06"]
[Round "2"]
[White "Sapre, Ramchandra Bhargava"]
[Black "Upton, Timothy"]
[Result "1/2-1/2"]
[WhiteElo "2398"]
[BlackElo "2202"]
[PlyCount "130"]
[EventDate "2010.02.06"]
[EventType "swiss"]
[EventRounds "5"]
[EventCountry "CAN"]

1. e4 e6 2. d4 d5 3. Nd2 Nf6 4. Bd3 c5 5. e5 Nfd7 6. c3 Nc6 7. Ngf3 Be7 8. O-O
Qb6 9. Re1 cxd4 10. cxd4 Nxd4 11. Nxd4 Qxd4 12. Nf3 Qb6 13. Qc2 h6 14. Be3 Bc5
15. Bf4 g5 16. Bg3 Be7 17. Reb1 Nc5 18. b4 Nxd3 19. Qxd3 Bd7 20. Nd4 Rc8 21. f3
Rc4 22. Bf2 Qc7 23. a3 Qxe5 24. Nb3 O-O 25. Na5 Rc3 26. Qd2 Bf6 27. Nxb7 Rc7
28. Nc5 Bb5 29. Rd1 Qe2 30. Ra2 Qxd2 31. Raxd2 a6 32. Bg3 Ra7 33. Bf2 Re7 34.
g3 Rc8 35. Kg2 Rec7 36. f4 Bc3 37. Rc2 Bf6 38. Rcd2 Be7 39. Bd4 a5 40. Ra1 Ra8
41. Rdd1 Bc4 42. Kf3 g4+ 43. Ke3 axb4 44. axb4 Rca7 45. Rxa7 Rxa7 46. Ra1 Rxa1
47. Bxa1 h5 48. Bc3 Bd8 49. Nd7 Bb5 50. Nf6+ Bxf6 51. Bxf6 Kh7 52. Kd4 Kg6 53.
Bd8 Kf5 54. Bc7 Kf6 55. Kc5 Ba6 56. b5 Bxb5 57. Kxb5 Kf5 58. Kc5 Ke4 59. Be5
Kf3 60. Kd4 Kg2 61. f5 exf5 62. Kxd5 Kxh2 63. Kd4 Kh3 64. Ke3 h4 65. gxh4 Kxh4
1/2-1/2

[Event "Guelph Winter ProAm"]
[Site "Guelph CAN"]
[Date "2010.02.06"]
[Round "2"]
[White "Wihl, T."]
[Black "Sambursky, Vladimir"]
[Result "0-1"]
[WhiteElo "2006"]
[BlackElo "2638"]
[PlyCount "94"]
[EventDate "2010.02.06"]
[EventType "swiss"]
[EventRounds "5"]
[EventCountry "CAN"]

1. e4 e6 2. d4 d5 3. Nd2 Nf6 4. e5 Nfd7 5. Bd3 c5 6. c3 Nc6 7. Ne2 c4 8. Bc2 b5
9. a3 Nb6 10. O-O Be7 11. f4 g6 12. g4 h5 13. f5 hxg4 14. fxg6 fxg6 15. Bxg6+
Kd7 16. Ng3 Qg8 17. Bh5 Bb7 18. Qxg4 Rh7 19. Nf3 Qxg4 20. Bxg4 Rg8 21. h3 Na4
22. Kg2 Na5 23. Rf2 Nb3 24. Rb1 Nxc1 25. Rxc1 a5 26. Nf1 Bc6 27. Kg3 Kc7 28.
Ne3 Be8 29. Ng2 Rh6 30. Nf4 Bf7 31. Rg1 b4 32. axb4 axb4 33. Ra1 Be8 34. Kh2
Rxg4 35. Nxe6+ Kb6 36. cxb4 Bxb4 37. Nfg5 Be7 38. Ng7 Bxg5 39. Nxe8 Bf4+ 40.
Rxf4 Rxf4 41. Rxa4 Rxd4 42. Nf6 Rd3 43. Rb4+ Kc6 44. Rb8 Rhxh3+ 45. Kg2 Rhe3
46. Re8 Re2+ 47. Kf1 Rxb2 0-1

[Event "Guelph Winter ProAm"]
[Site "Guelph CAN"]
[Date "2010.02.06"]
[Round "3"]
[White "Cormier, Gilles"]
[Black "Bond, Jocelyn"]
[Result "0-1"]
[WhiteElo "1670"]
[BlackElo "1896"]
[PlyCount "52"]
[EventDate "2010.02.06"]
[EventType "swiss"]
[EventRounds "5"]
[EventCountry "CAN"]

1. d4 Nf6 2. c4 c5 3. d5 b5 4. cxb5 a6 5. e3 g6 6. Nc3 Bg7 7. Nf3 O-O 8. Be2
axb5 9. Bxb5 d6 10. O-O Nbd7 11. Re1 Rb8 12. Bf1 Qb6 13. e4 Ng4 14. Qc2 Nde5
15. Nxe5 Nxe5 16. Kh1 c4 17. f4 Ng4 18. h3 Nf2+ 19. Kh2 Ba6 20. Na4 Qb4 21. Bd2
Qb7 22. Bc3 Nd3 23. Bxd3 cxd3 24. Qd2 Bxc3 25. Qxc3 Rfc8 26. Qd4 Rc4 0-1

[Event "Guelph Winter ProAm"]
[Site "Guelph CAN"]
[Date "2010.02.06"]
[Round "3"]
[White "Gusev, Oleg"]
[Black "Sambursky, Vladimir"]
[Result "1-0"]
[WhiteElo "2190"]
[BlackElo "2638"]
[PlyCount "113"]
[EventDate "2010.02.06"]
[EventType "swiss"]
[EventRounds "5"]
[EventCountry "CAN"]

1. e4 e6 2. d4 d5 3. exd5 exd5 4. Nf3 Nc6 5. Be2 Bg4 6. O-O Bd6 7. c4 dxc4 8.
Bxc4 Qd7 9. Nc3 Nge7 10. d5 Bxf3 11. gxf3 Qh3 12. f4 Na5 13. Bb5+ Kf8 14. Qd3
Qh5 15. Qe2 Qxe2 16. Bxe2 a6 17. Ne4 Bb4 18. Rd1 Nf5 19. Rb1 b6 20. a3 Be7 21.
b4 Nb7 22. Bb2 Nbd6 23. Bd3 Nxe4 24. Bxe4 Nd6 25. Bd3 f6 26. Rbc1 Ra7 27. Rc6
Nf7 28. Re6 Nd8 29. Re2 Bd6 30. Rde1 Kf7 31. Bf5 a5 32. b5 a4 33. Bd7 Rf8 34.
Re8 Nb7 35. Rxf8+ Kxf8 36. Bf5 Bxf4 37. Bxh7 Kf7 38. h4 Nd6 39. h5 Ra8 40. Bd3
Kf8 41. Bc3 Nf7 42. Re4 Bd6 43. Bb4 Bxb4 44. Rxb4 Ne5 45. Bc2 Rd8 46. Rxa4 Rxd5
47. Ra8+ Ke7 48. Rg8 Nf3+ 49. Kf1 Rg5 50. Bg6 Rg1+ 51. Ke2 Nd4+ 52. Kd2 Ne6 53.
f4 Nxf4 54. Rxg7+ Kd6 55. Rf7 Rg2+ 56. Ke1 Nxg6 57. Rxf6+ 1-0

[Event "Guelph Winter ProAm"]
[Site "Guelph CAN"]
[Date "2010.02.07"]
[Round "3"]
[White "Humphreys, Stephen"]
[Black "Dougherty, Thomas"]
[Result "0-1"]
[WhiteElo "2144"]
[BlackElo "2295"]
[PlyCount "120"]
[EventDate "2010.02.06"]
[EventType "swiss"]
[EventRounds "5"]
[EventCountry "CAN"]

1. d4 Nf6 2. c4 e6 3. Nf3 c5 4. Nc3 cxd4 5. Nxd4 a6 6. g3 Qc7 7. Qd3 Nc6 8.
Nxc6 bxc6 9. Bg2 Rb8 10. O-O d6 11. b3 Be7 12. Bb2 O-O 13. Rac1 Bb7 14. Rc2 c5
15. Ne4 Nxe4 16. Bxe4 f5 17. Bxb7 Qxb7 18. Qc3 Rf6 19. Qf3 Qxf3 20. exf3 Rg6
21. f4 Kf7 22. Rd2 Rb6 23. Rfd1 Ke8 24. Bc3 Rc6 25. h4 Kf7 26. Kf1 h5 27. Re2
Bf6 28. Bxf6 gxf6 29. Red2 Ke7 30. Rd3 Rg8 31. Re1 Rb8 32. Rde3 e5 33. Rf3 Ke6
34. Rd3 a5 35. Ke2 a4 36. Kd2 Ra6 37. Kc3 axb3 38. axb3 Ra2 39. Red1 Rb6 40.
R1d2 Ra7 41. Kb2 Ra5 42. Kc3 Rba6 43. Rd1 Ra2 44. R1d2 Ra1 45. Rd1 Rxd1 46.
Rxd1 Ra2 47. Rd2 Ra1 48. fxe5 fxe5 49. b4 Ra3+ 50. Kb2 cxb4 51. Rc2 Rf3 52. c5
dxc5 53. Rxc5 Rxf2+ 54. Kb3 Rf3+ 55. Kxb4 Rxg3 56. Rc6+ Kd5 57. Rf6 Rg4+ 58.
Kc3 f4 59. Rf8 Rxh4 60. Rd8+ Ke4 0-1

[Event "Guelph Winter ProAm"]
[Site "Guelph CAN"]
[Date "2010.02.07"]
[Round "3"]
[White "Marte, Manuel"]
[Black "Drlje, Josip"]
[Result "1-0"]
[WhiteElo "2342"]
[BlackElo "2081"]
[PlyCount "101"]
[EventDate "2010.02.06"]
[EventType "swiss"]
[EventRounds "5"]
[EventCountry "CAN"]

1. e4 e5 2. Nf3 Nc6 3. Bb5 a6 4. Ba4 Nf6 5. Bxc6 dxc6 6. d3 Qd6 7. Nbd2 b5 8.
Nb3 c5 9. Be3 Nd7 10. Qd2 Be7 11. Na5 O-O 12. h4 h5 13. Ng5 Re8 14. O-O-O f6
15. Nh3 Qe6 16. Kb1 Bd6 17. f3 Qe7 18. g4 hxg4 19. fxg4 Nf8 20. g5 Be6 21. gxf6
gxf6 22. Rdg1+ Kh8 23. Bh6 Qd7 24. Qg2 Re7 25. Qf3 Nh7 26. Rg6 Rg8 27. h5 Rf7
28. Rhg1 Re7 29. Rxg8+ Bxg8 30. Qg3 Be6 31. Nc6 Qxc6 32. Bg7+ Kg8 33. Bxf6+ Kf8
34. Bxe7+ Bxe7 35. Qg7+ Ke8 36. Qxh7 Bxh3 37. Rg6 Be6 38. Qh8+ Kd7 39. Rg7 Qd6
40. h6 c4 41. Rg3 c3 42. d4 exd4 43. Rd3 c5 44. h7 Bf6 45. Qg8 Qh2 46. bxc3
Qh1+ 47. Kb2 Bc4 48. cxd4 cxd4 49. Qg4+ Be6 50. Qf3 Be5 51. Qxh1 1-0

[Event "Guelph Winter ProAm"]
[Site "Guelph CAN"]
[Date "2010.02.06"]
[Round "3"]
[White "Medvedev, O."]
[Black "Zago, Karina Darif"]
[Result "0-1"]
[WhiteElo "1612"]
[BlackElo "1804"]
[PlyCount "76"]
[EventDate "2010.02.06"]
[EventType "swiss"]
[EventRounds "5"]
[EventCountry "CAN"]

1. e4 c5 2. Nf3 d6 3. d4 cxd4 4. Nxd4 Nf6 5. Nc3 a6 6. Bg5 e6 7. Qd2 Be7 8.
O-O-O Nbd7 9. Nb3 Qc7 10. h3 b5 11. a3 Bb7 12. f3 O-O 13. Bd3 Rfd8 14. Qf2 Ne5
15. Be3 Nfd7 16. f4 Nc4 17. Bxc4 bxc4 18. Nd4 Rab8 19. Rhf1 Bxe4 20. Nxe4 Qb7
21. Nc3 Qxb2+ 22. Kd2 Bf6 23. Nde2 Nc5 24. Rb1 Bxc3+ 25. Nxc3 Nb3+ 26. Kd1 Qxc3
27. cxb3 Qd3+ 28. Kc1 cxb3 29. Kb2 Rdc8 30. Rbc1 Rc2+ 31. Rxc2 bxc2+ 32. Bb6
Qb5+ 33. Kxc2 Rxb6 34. Qf3 Qb2+ 35. Kd1 Qb1+ 36. Kd2 Rb2+ 37. Ke3 Rb3+ 38. Kd4
Qb2+ 0-1

[Event "Guelph Winter ProAm"]
[Site "Guelph CAN"]
[Date "2010.02.06"]
[Round "3"]
[White "Nunes, Jose BL"]
[Black "Gashi, Agron"]
[Result "1/2-1/2"]
[WhiteElo "1972"]
[BlackElo "1967"]
[PlyCount "45"]
[EventDate "2010.02.06"]
[EventType "swiss"]
[EventRounds "5"]
[EventCountry "CAN"]

1. Nf3 d5 2. g3 c5 3. Bg2 Nc6 4. O-O e5 5. d3 f6 6. Nbd2 Be6 7. c4 d4 8. Qa4
Qd7 9. Re1 Nge7 10. Ne4 Nc8 11. e3 Nb6 12. Qa3 Nb4 13. Re2 dxe3 14. Bxe3 Qxd3
15. Qxd3 Nxd3 16. Rd2 Bxc4 17. Bf1 f5 18. Nc3 e4 19. Ng5 Be7 20. b3 O-O 21.
bxc4 Nxc4 22. Ne6 Rf6 23. Nc7 1/2-1/2